Energy conservation in textile and polymer processing (Record no. 38056)

MARC details
000 -LEADER
fixed length control field 00308nam a2200121Ia 4500
082 ## - DEWEY DECIMAL CLASSIFICATION NUMBER
Classification number 677:531.6
Item number VIG
245 #0 - TITLE STATEMENT
Title Energy conservation in textile and polymer processing
260 ## - PUBLICATION, DISTRIBUTION, ETC. (IMPRINT)
Place of publication USA
Name of publisher ACS
Year of publication 1979
700 ## - ADDED ENTRY--PERSONAL NAME
Personal name Nowacki, L J
700 ## - ADDED ENTRY--PERSONAL NAME
Personal name T C
942 ## - ADDED ENTRY ELEMENTS (KOHA)
Koha item type Books
Holdings
Withdrawn status Lost status Damaged status Not for loan Home library Current library Date acquired Full call number Accession Number Koha item type
        RRII Library RRII Library 16/12/2021 677:531.6 VIG 18423 Books